000 00742nam a2200253 a 4500
001 529
003 BR-CuiBMT
005 20231216013511.0
008 231108b2015 mgb 000 0 por d
020 _a9788545000334
040 _aBR-CuiBMT
_cBR-CuiBMT
080 _22007
_a343.352
090 _a343.352
_bF992a
_c1. ed.
100 1 _aFurtado, Lucas Rocha
245 0 _aAs raízes da corrupção no Brasil :
_bestudos de caso e lições para o futuro /
_cLucas Rocha Furtado.
250 _a1 reimp.
260 _aBelo Horizonte :
_bFórum,
_c2015.
300 _a436 p.:
_c22 cm
504 _aInclui bibliografia.
650 _aCorrupção
650 _aCorrupção administrativa
650 _aCorrupção na política
942 _2udc
_cLV
999 _c529
_d529